Non-conventional energy systems / (Record no. 29184)

MARC details
000 -LEADER
fixed length control field 00953naa a2200277 4500
005 - DATE AND TIME OF LATEST TRANSACTION
control field 20090813114356.0
008 - FIXED-LENGTH DATA ELEMENTS--GENERAL INFORMATION
fixed length control field 090526t xxu||||| |||| 00| 0 eng d
010 ## - LCCN (DPL NO)
LC control number ENG-94735
020 ## - INTERNATIONAL STANDARD BOOK NUMBER
International Standard Book Number 9780070142763
Terms of availability 250.00
020 ## - INTERNATIONAL STANDARD BOOK NUMBER
International Standard Book Number 0070142769
Terms of availability 250.00
035 ## - SYSTEM CONTROL NUMBER
System control number EN-78268
037 ## - SOURCE OF ACQUISITION
Source of stock number/acquisition DBAD / PUB
040 ## - CATALOGING SOURCE
Original cataloging agency dpl
Language of cataloging English
082 ## - DEWEY DECIMAL CLASSIFICATION NUMBER
Classification number 333.79
100 ## - MAIN ENTRY--PERSONAL NAME
Personal name Khan, B.H.
245 ## - TITLE STATEMENT
Title Non-conventional energy systems /
Statement of responsibility, etc by B.H. Khan
260 ## - PUBLICATION, DISTRIBUTION, ETC. (IMPRINT)
Place of publication, distribution, etc New Delhi
Name of publisher, distributor, etc Tata McGraw-Hill Publishing
Date of publication, distribution, etc 2009
270 ## - ADDRESS
Address 7 West Patel Nagar
City New Delhi
Postal code 110 008
300 ## - PHYSICAL DESCRIPTION
Extent xiii, 455p.
Other physical details 23cm(pbk)
500 ## - GENERAL NOTE
General note Includes index
650 ## - SUBJECT ADDED ENTRY--TOPICAL TERM
Topical term or geographic name as entry element Power resources
650 ## - SUBJECT ADDED ENTRY--TOPICAL TERM
Topical term or geographic name as entry element Renewable energy sources
710 ## - ADDED ENTRY--CORPORATE NAME
Corporate name or jurisdiction name as entry element .
942 ## - ADDED ENTRY ELEMENTS (KOHA)
Institution code [OBSOLETE] dpl
Item type English Books
Source of classification or shelving scheme Dewey Decimal Classification
Call number suffix KHA
Classification part 333.79
Holdings
Withdrawn status Lost status Source of classification or shelving scheme Damaged status Not for loan Collection code Home library Current library Date acquired Source of acquisition Cost, normal purchase price Total Checkouts Full call number Barcode Date last seen Copy number Cost, replacement price Koha item type
    Dewey Decimal Classification   Not For Loan Non-fiction D.B.Act.Division D.B.Act.Division 13/08/2009 DBAD / PUB 250.00   333.79 KHA EN-78268 13/08/2009 1 250.00 English Books

© Delhi Public Library
Hit Counter
free hit counter